Fundamental Concepts and Skills for Nursing (Record no. 250245)

MARC details
000 -LEADER
fixed length control field 00441pam a2200169a 44500
008 - FIXED-LENGTH DATA ELEMENTS--GENERAL INFORMATION
fixed length control field 230405s2014 xxu||||| |||| 00| 0 eng d
020 ## - INTERNATIONAL STANDARD BOOK NUMBER
International Standard Book Number 9781416052289
Terms of availability Rs. 745
082 ## - DEWEY DECIMAL CLASSIFICATION NUMBER
Classification number 610.73
Item number DEW
100 ## - MAIN ENTRY--PERSONAL NAME
Personal name DeWit, Susan C.
245 ## - TITLE STATEMENT
Title Fundamental Concepts and Skills for Nursing
250 ## - EDITION STATEMENT
Edition statement 4th Ed.
260 ## - PUBLICATION, DISTRIBUTION, ETC.
Place of publication, distribution, etc. Missouri
Name of publisher, distributor, etc. Elsevier Saunders
Date of publication, distribution, etc. 2014
300 ## - PHYSICAL DESCRIPTION
Extent 933 p
502 ## - DISSERTATION NOTE
Dissertation note text
700 ## - ADDED ENTRY--PERSONAL NAME
Personal name Patricia,Neill,
906 ## - LOCAL DATA ELEMENT F, LDF (RLIN)
a 001520

No items available.